Towards a Stakeholder Model of Government Communication: A Case Study of the Czech Republic
Organizácia a vnímanie vládnej komunikácie vládnymi agentmi a zástupcami záujmových skupín v Českej republike. Súčasne predstavuje originálnu metodológiu prístupu k výskumu vládnej komunikácie. Dôkazy z výskumu naznačujú, že komunikačný proces vlády v Českej republike skrýva napätie na vnútornej, me...
Uložené v:
| Hlavný autor: | |
|---|---|
| Médium: | Kapitola |
| Jazyk: | English |
| Predmet: | |
| Tagy: |
Žiadne tagy, Buďte prvý, kto otaguje tento záznam!
|
MARC
| LEADER | 00000nla a2200000 4500 | ||
|---|---|---|---|
| 001 | 0242988 | ||
| 005 | 20210325112122.2 | ||
| 041 | 0 | |a eng | |
| 044 | |a SK | ||
| 245 | 1 | 0 | |a Towards a Stakeholder Model of Government Communication: A Case Study of the Czech Republic |c Štěpán Soukeník |
| 520 | |a Organizácia a vnímanie vládnej komunikácie vládnymi agentmi a zástupcami záujmových skupín v Českej republike. Súčasne predstavuje originálnu metodológiu prístupu k výskumu vládnej komunikácie. Dôkazy z výskumu naznačujú, že komunikačný proces vlády v Českej republike skrýva napätie na vnútornej, medzirezortnej a vonkajšej úrovni riadenia. | ||
| 610 | 2 | 0 | |a vláda |
| 610 | 2 | 0 | |a komunikácia |
| 610 | 2 | 0 | |a komunikácia manažérska |
| 610 | 2 | 0 | |a riadenie strategické |
| 610 | 2 | 0 | |a skupiny záujmové |
| 610 | 2 | 0 | |a štúdie prípadové |
| 610 | 2 | 0 | |a SVE |
| 610 | 2 | 0 | |a stredná Európa |
| 610 | 2 | 0 | |a východná Európa |
| 610 | 2 | 0 | |a Česko |
| 100 | 1 | |a Soukeník, Štěpán | |